Sports Quiz

Random Sports or Football Quiz
Score 0/26 Timer 10:00
0 Plays Today
Country Answer % Correct
FranceLaurent Dufresne
69.2%
RD CongoJason Mayele
69.2%
FranceFlorent Malouda
69.2%
SenegalFerdinand Coly
61.5%
FranceStephane Dalmat
53.8%
FranceNicolas Weber
50%
FranceFrederic Gueguen
46.2%
SerbiaDamir Cakar
42.3%
FranceMatthieu Verschuere
38.5%
FranceStephane Dedebant
38.5%
SerbiaNenad Bjekovic
38.5%
TunisiaRaouf Bouzaiene
34.6%
FrancePhilippe Avenet
34.6%
Country Answer % Correct
FrancePierre Chavrondier
30.8%
FranceDidier Martel
30.8%
FranceEric Loussouarn
26.9%
SenegalAmara Traore
26.9%
FranceLoic Druon
23.1%
NigerKarim El-Khebir
23.1%
FranceFranck Moulin
19.2%
FranceLaurent Debrosse
15.4%
FranceNicolas Baudouin
15.4%
FranceJerome Adam
7.7%
FranceAntoine Preget
7.7%
Ivory CoastOlivier Tebily
7.7%
FranceLudovic Clement
3.8%
Remove Ads.
Support Sporcle.
Get the best of Sporcle when you Go Orange. This ad-free experience offers more features, more stats, and more fun while also helping to support Sporcle. Thank you for becoming a member.

You're not logged in!

Compare scores with friends on all Sporcle quizzes.
OR
Log In

Show Comments

Extras

Top Quizzes Today


Score Distribution

Your Account Isn't Verified!

In order to create a playlist on Sporcle, you need to verify the email address you used during registration. Go to your Sporcle Settings to finish the process.

Report this User

Report this user for behavior that violates our Community Guidelines.

Details: